| 000 | 00626nam a2200229 a 4500 | ||
|---|---|---|---|
| 001 | 771 | ||
| 003 | CDMR | ||
| 005 | 20131021111212.0 | ||
| 008 | 130130s1984||||||||||||||||||||||||||||d | ||
| 020 | _a9686085920 | ||
| 040 |
_aCDMR _bcat _cCDMR |
||
| 100 | 1 |
_aEvans, Harold _9601 |
|
| 245 | 1 | 0 |
_aDiseño y compaginación de la prensa diaria _cHarold Evans |
| 260 |
_aMéxico _c1984 _bGustavo Gili |
||
| 300 |
_a228 p. _bil. b/n _c30 cm |
||
| 490 | 0 | _aGG MassMedia | |
| 490 | 0 | _aGG Diseño | |
| 650 | 0 | 4 |
_93098 _aDiaris _xCompaginació i composició |
| 650 | 0 | 4 |
_91840 _aDiaris _xDisseny |
| 650 | 0 | 4 |
_92796 _aImpremta |
| 942 |
_cMON _2udc |
||
| 999 |
_c771 _d771 |
||